Analýza vlastností modifikovaných kódovacích techník v reálnom prostredí pri použití prenosových systémov xDSL

Salvato in:
Dettagli Bibliografici
Autore principale: Cisár, Rastislav (Autore)
Altri autori: Róka, Rastislav, 1972- (Relatore della tesi)
Natura: Manoscritto Libro
Lingua:slovacco
Pubblicazione: Bratislava : STU v Bratislave FEI, 2001
Soggetti:
Tags: Aggiungi Tag
Nessun Tag, puoi essere il primo ad aggiungerne!!

MARC

LEADER 00000ntm a22000003a 4500
001 stu73663
005 20150617225649.4
008 020205s2001------------------------slo-d
040 |a STU  |b slo 
041 0 |a slo 
100 1 |a Cisár, Rastislav  |4 aut  |u E240  |U FEI Fakulta elektrotechniky a informatiky  |T FEI Katedra telekomunikácií  |U E240  |Y 72 
245 1 |a Analýza vlastností modifikovaných kódovacích techník v reálnom prostredí pri použití prenosových systémov xDSL 
260 |a Bratislava :  |b STU v Bratislave FEI,  |c 2001 
300 |a 58 s 
650 7 |a informatika  |2 stusub 
700 1 |a Róka, Rastislav,  |d 1972-  |4 ths  |u E070  |U FEI Fakulta elektrotechniky a informatiky  |T FEI Ústav telekomunikácií  |X 1946  |U E070  |Y 818  |7 A000001946